[Event "DEN-ch"]
[Site "Silkeborg"]
[Date "2009.04.06"]
[Round "3"]
[White "Teplyi, Igor"]
[Black "Jacobsen, Bo"]
[Result "1/2-1/2"]
[WhiteElo "2287"]
[BlackElo "2325"]
[PlyCount "104"]
[EventDate "2009.04.04"]
[EventType "swiss"]
[EventRounds "9"]
[EventCountry "DEN"]
[Source "ChessBase"]
[SourceDate "2009.05.05"]

1. e4 e5 2. Nf3 Nc6 3. Bb5 Nf6 4. O-O d6 5. Re1 Be7 6. c3 Bd7 7. d3 O-O 8. Nbd2
h6 9. Ba4 Re8 10. d4 Bf8 11. Bc2 g6 12. Nf1 exd4 13. Nxd4 Bg7 14. Nf3 Be6 15.
Ng3 d5 16. Bf4 dxe4 17. Nxe4 Nd5 18. Bg3 Qe7 19. Bh4 f6 20. Ned2 g5 21. Bg3 Qf7
22. h4 g4 23. Nd4 Nxd4 24. cxd4 Nb4 25. Bb3 Bxb3 26. Qxb3 Qxb3 27. Nxb3 Nd5 28.
Nc5 Kf7 29. Kf1 f5 30. Be5 Bxe5 31. dxe5 b6 32. Rad1 c6 33. Nb7 Re6 34. h5 Kg7
35. Nd6 Rf8 36. Rd3 Nf4 37. Rc3 c5 38. b4 Nxh5 39. bxc5 bxc5 40. Rxc5 Kg6 41.
Rb1 Nf4 42. Rb3 Rd8 43. g3 Nh3 44. f4 gxf3 45. Rxf3 Ng5 46. Rf4 Ne4 47. Nxe4
fxe4 48. Rg4+ Kf5 49. Rf4+ Kg6 50. Rg4+ Kf5 51. Rf4+ Kg6 52. Rxe4 Rd3 1/2-1/2

[Event "DEN-ch"]
[Site "Silkeborg"]
[Date "2009.04.12"]
[Round "9"]
[White "Wiecker, Stefan"]
[Black "Petersen, Martin Reib"]
[Result "1/2-1/2"]
[WhiteElo "2102"]
[BlackElo "1974"]
[PlyCount "65"]
[EventDate "2009.04.04"]
[EventType "swiss"]
[EventRounds "9"]
[EventCountry "DEN"]
[Source "ChessBase"]
[SourceDate "2009.05.05"]

1. e4 c6 2. d4 d5 3. Nc3 dxe4 4. Nxe4 Nd7 5. Bd3 Ngf6 6. Ng5 e6 7. N1f3 Bd6 8.
Qe2 O-O 9. O-O Qc7 10. Ne4 Bf4 11. Nxf6+ Nxf6 12. Ne5 Bxc1 13. Raxc1 c5 14. c3
Rd8 15. Rfd1 cxd4 16. cxd4 Qd6 17. g4 Qe7 18. Bb1 Nd5 19. Qd3 Qh4 20. Qf3 Qf6
21. Qe4 Qh4 22. Nf3 Qh6 23. g5 Qh5 24. h4 b6 25. Ne5 Bb7 26. Qg4 Qxg4+ 27. Nxg4
Nf4 28. Rd2 Rxd4 29. Rxd4 Ne2+ 30. Kf1 Nxd4 31. Rc7 Bc6 32. Ne5 Be8 33. Be4
1/2-1/2

[Event "DEN-ch"]
[Site "Silkeborg"]
[Date "2009.04.04"]
[Round "1"]
[White "Wiecker, Stefan"]
[Black "Andersen, Mads"]
[Result "0-1"]
[WhiteElo "2102"]
[BlackElo "2244"]
[PlyCount "92"]
[EventDate "2009.04.04"]
[EventType "swiss"]
[EventRounds "9"]
[EventCountry "DEN"]
[Source "ChessBase"]
[SourceDate "2009.05.05"]

1. e4 c5 2. Nf3 e6 3. d4 cxd4 4. Nxd4 Nc6 5. Nc3 Qc7 6. Ndb5 Qb8 7. a4 a6 8.
Na3 Nf6 9. Be3 Bb4 10. Bd3 O-O 11. O-O d5 12. exd5 exd5 13. Ne2 Bd6 14. h3 Be6
15. Nd4 Qc8 16. Nxe6 fxe6 17. c4 d4 18. Bg5 h6 19. Bxf6 Rxf6 20. Be4 Qd7 21.
Qc2 Raf8 22. c5 Bb8 23. Nc4 Qe7 24. Bxc6 Qc7 25. g3 Qxc6 26. b4 Qd5 27. Nb6 Qd8
28. Qe4 R8f7 29. Rad1 Qf8 30. Rd2 Bxg3 31. Kg2 Rxf2+ 32. Rfxf2 Rxf2+ 33. Kxg3
Rxd2 34. Qxe6+ Kh8 35. Qc8 Qxc8 36. Nxc8 Rb2 37. b5 axb5 38. a5 Rc2 39. Nd6
Rxc5 40. Nxb7 Rc6 41. Nd8 Ra6 42. Kf4 Rxa5 43. Nc6 Ra3 44. Nxd4 Ra4 45. Ke5
Rxd4 46. Kxd4 g5 0-1

[Event "DEN-ch"]
[Site "Silkeborg"]
[Date "2009.04.08"]
[Round "5"]
[White "Wiecker, Stefan"]
[Black "Eriksson, Christian Altenburg"]
[Result "1/2-1/2"]
[WhiteElo "2102"]
[BlackElo "2122"]
[PlyCount "170"]
[EventDate "2009.04.04"]
[EventType "swiss"]
[EventRounds "9"]
[EventCountry "DEN"]
[Source "ChessBase"]
[SourceDate "2009.05.05"]

1. e4 c5 2. Nf3 Nc6 3. d4 cxd4 4. Nxd4 Nf6 5. Nc3 e5 6. Ndb5 d6 7. Nd5 Nxd5 8.
exd5 Nb8 9. Qf3 Be7 10. Qc3 Na6 11. Be3 O-O 12. Nxa7 Bd7 13. Bxa6 bxa6 14. O-O
f5 15. f3 Bf6 16. Qc4 Kh8 17. Qxa6 Qb8 18. a4 Qxb2 19. Qxd6 Rfd8 20. Bb6 Be7
21. Qc7 e4 22. fxe4 Rab8 23. a5 Qf6 24. e5 Qh4 25. c4 Bg5 26. e6 Be8 27. Rxf5
Bg6 28. Rf2 Bf6 29. Qf4 Qxf4 30. Rxf4 Bxa1 31. Bxd8 Rxd8 32. e7 Rg8 33. Nc6 Bf6
34. d6 Be8 35. Nd8 Be5 36. d7 Bxf4 37. Nf7+ Bxf7 38. d8=Q Re8 39. a6 Bg5 40. a7
Be3+ 41. Kh1 Bxa7 42. Qd7 Bc5 43. h4 Kg8 44. Qf5 Bxe7 45. c5 Bxh4 46. Qg4 Bf6
47. c6 Be6 48. Qa4 Rc8 49. Qe4 Kf7 50. Kg1 h6 51. Kf2 Ke7 52. Qb4+ Kf7 53. Qb7+
Kg6 54. Ke3 h5 55. Kf4 h4 56. Qb1+ Kh6 57. Qe4 Bf7 58. Kf3 Bh5+ 59. Kf2 Rf8 60.
Kg1 Bd8 61. Qd4 Bc7 62. Qxh4 Bb6+ 63. Kh2 Bc7+ 64. Kg1 g5 65. Qd4 Rf7 66. Qh8+
Kg6 67. Qg8+ Kf5 68. Qc8+ Kf4 69. Qh8 Bg6 70. Qd4+ Kf5 71. Qd5+ Kf6 72. Kh1 Re7
73. Kg1 Be4 74. Qc5 g4 75. Qd4+ Be5 76. Qb6 Kg5 77. Qc5 Kf6 78. Qb6 Rc7 79. Qb4
Bf5 80. Qf8+ Kg5 81. Qd8+ Kf4 82. Qd2+ Ke4 83. Qc2+ Kf4 84. Qd2+ Ke4 85. Qc2+
Kf4 1/2-1/2

[Event "DEN-ch"]
[Site "Silkeborg"]
[Date "2009.04.06"]
[Round "3"]
[White "Wiecker, Stefan"]
[Black "Damm, Kasper Wilken"]
[Result "1-0"]
[WhiteElo "2102"]
[BlackElo "2231"]
[PlyCount "81"]
[EventDate "2009.04.04"]
[EventType "swiss"]
[EventRounds "9"]
[EventCountry "DEN"]
[Source "ChessBase"]
[SourceDate "2009.05.05"]

1. e4 c5 2. Nf3 Nc6 3. d4 cxd4 4. Nxd4 g6 5. Nc3 Bg7 6. Be3 Nf6 7. Nxc6 bxc6 8.
e5 Ng8 9. Bd4 f6 10. f4 Qa5 11. Qe2 fxe5 12. Bxe5 Nf6 13. O-O-O d5 14. h3 O-O
15. g4 Qb4 16. a3 Qb7 17. Bg2 e6 18. Bf3 Ne8 19. Bxg7 Nxg7 20. f5 Rb8 21. b3
gxf5 22. gxf5 Rxf5 23. Bg4 Rf7 24. Rhg1 Qc7 25. Bxe6 Bxe6 26. Qxe6 Kh8 27. Qg4
Qf4+ 28. Kb2 Qxg4 29. hxg4 Ne6 30. Rdf1 Rbf8 31. Rxf7 Rxf7 32. Re1 Rf6 33. Re5
Kg7 34. Ne2 Kf7 35. b4 Rg6 36. Rh5 Kg7 37. b5 cxb5 38. Rxd5 Rxg4 39. Rxb5 Rg2
40. Re5 Kf6 41. Rxe6+ 1-0